|
|
|
|
| LEADER |
01866njm a2200445 a 4500 |
| 001 |
000832836 |
| 003 |
CZ BrMZK |
| 005 |
20160816124707.0 |
| 007 |
sd fsngnnmmned |
| 008 |
061116s2006 xr mu g ef cze d |
| 028 |
0 |
0 |
|a SU 3882-2
|b Supraphon
|
| 040 |
|
|
|a BOA001
|b cze
|
| 041 |
1 |
|
|g eng
|g ger
|g fre
|g cze
|
| 047 |
|
|
|a su
|a dv
|
| 048 |
|
|
|a ob01
|
| 072 |
|
7 |
|a 785
|x Instrumentální hudba. Symfonická hudba. Hudba pro více nástrojů
|2 Konspekt
|9 9
|
| 080 |
|
|
|a 78.083.1
|2 MRF
|
| 080 |
|
|
|a 78.083.4
|2 MRF
|
| 080 |
|
|
|a (086.76)
|2 MRF
|
| 100 |
1 |
|
|a Dvořák, Antonín,
|d 1841-1904
|7 jn19981000826
|4 cmp
|
| 240 |
1 |
0 |
|a Suity,
|m klavír,
|n op. 98,
|r A dur;
|o aranžmá
|7 aun2007387554
|
| 245 |
1 |
0 |
|a Suite in A
|h [zvukový záznam] /
|c Antonín Dvořák. Serenade for string ortchestra, Scherzo fantastique / Josef Suk
|
| 260 |
|
|
|a Praha :
|b Supraphon Music,
|c p2006
|
| 300 |
|
|
|a 1 zvuková deska (66:11) :
|b digital, stereo ;
|c 12 cm +
|e 1 brožura (19 s.)
|
| 306 |
|
|
|a 010611
|
| 500 |
|
|
|a Kompaktní deska (DDD)
|
| 511 |
1 |
|
|a Pražská komorní filharmonie, dirigent Jakub Hrůša
|
| 518 |
|
|
|a Nahráno v pražském Studiu Domovina 7.-9. března a 23. srpna 2006
|
| 546 |
|
|
|a Text v brožuře anglicky, německy, francouzsky a česky
|
| 650 |
0 |
7 |
|a suity (komorní orchestr)
|7 ph573147
|2 czenas
|
| 650 |
0 |
4 |
|a serenády (komorní orchestr)
|
| 655 |
|
7 |
|a kompaktní desky
|7 fd201991
|2 czenas
|
| 700 |
1 |
|
|a Hrůša, Jakub,
|d 1981-
|7 mzk2005294980
|
| 700 |
1 |
2 |
|a Suk, Josef,
|d 1874-1935.
|t Serenády,
|m smyčcový orchestr,
|n op. 6,
|r Es dur
|7 aun2007387560
|
| 700 |
1 |
2 |
|a Suk, Josef,
|d 1874-1935.
|t Fantastické scherzo
|7 aun2007387563
|
| 710 |
2 |
|
|a Pražská komorní filharmonie
|7 kn20030215092
|
| 910 |
|
|
|a BOA001
|b CD-0013.575
|
| 990 |
|
|
|a AV
|
| 991 |
|
|
|b 200612
|
| 996 |
6 |
|
|b 261H014985
|c CD-0013.575
|l MZK
|r Sklad / do 24 hodin
|n 0
|w 000832836
|u 000010
|a 1
|e BOA001
|j MZK50
|s P
|